| 000 | 00961nam a2200301 i 4500 | ||
|---|---|---|---|
| 001 | ocm71008234 | ||
| 003 | EG-ScBUE | ||
| 005 | 20250618092330.0 | ||
| 008 | 060818t2006 gw a f b 001 0 eng d | ||
| 020 | _a354033209X | ||
| 020 | _a9783540332091 | ||
| 040 |
_aOHX _beng _erda _cOHX _dBAKER _dEG-ScBUE |
||
| 082 | 0 | 4 |
_222 _a539.7548 _bYND |
| 100 | 1 |
_aYnduráin, F. J., _eauthor. |
|
| 245 | 1 | 4 |
_aThe theory of quark and gluon interactions / _cFrancisco J. Ynduráin. |
| 250 |
_aFourth edition, _bexpanded and updated. |
||
| 264 | 1 |
_aBerlin ; _aNew York : _bSpringer, _c[2006] |
|
| 264 | 4 | _cc2006 | |
| 300 |
_axx, 474 pages : _billustrations ; _c25 cm |
||
| 336 |
_2rdacontent _atext _btxt |
||
| 337 |
_aunmediated _2rdamedia _bn |
||
| 338 |
_avolume _bnc _2rdacarrier |
||
| 504 | _aIncludes bibliographical references and index. | ||
| 650 | 7 |
_aQuantum chromodynamics. _2BUEsh _96847 |
|
| 653 |
_bGGEN _cMay2018 |
||
| 655 | _vReading book | ||
| 942 |
_2ddc _cBB |
||
| 999 |
_c26741 _d26713 |
||